[Event "MNT-chT 1st League"]
[Site "Podgorica"]
[Date "2021.05.21"]
[Round "3.2"]
[White "Kilibarda, Mitar"]
[Black "Vesovic, Nebojsa"]
[Result "0-1"]
[WhiteElo "1750"]
[BlackElo "1880"]
[PlyCount "55"]
[EventDate "2021.05.20"]
[EventType "team-tourn"]
[EventRounds "7"]
[EventCountry "MNE"]
[SourceTitle "EXT 2022"]
[Source "ChessBase"]
[SourceDate "2021.10.06"]
[SourceVersion "1"]
[SourceVersionDate "2021.10.06"]
[SourceQuality "1"]

1. d4 e6 2. c4 Nf6 3. Nc3 Bb4 4. a3 Bxc3+ 5. bxc3 Ne4 6. Qc2 f5 7. Bf4 0-0 8. f3 Nf6 9. e3 d6 10. Bd3 Nc6 11. Bg3 Ne7 12. Ne2 Qe8 13. 0-0 Nh5 14. f4 Nf6 15. h3 Kh8 16. Rab1 b6 17. Bh4 Bb7 18. Bxf6 gxf6 19. Kh2 Qg6 20. Rg1 Qh5 21. e4 Rg8 22. Rbf1 Rg7 23. exf5 exf5 24. Ng3 Qh4 25. Nxf5 Nxf5 26. Bxf5 Qg3+ 27. Kh1 Re8 28. d5 0-1

[Event "Podgorica U2300 op"]
[Site "Podgorica"]
[Date "2021.04.19"]
[Round "6"]
[White "Vesovic, Nebojsa"]
[Black "Pobor, Milo"]
[Result "0-1"]
[WhiteElo "1925"]
[BlackElo "2071"]
[PlyCount "106"]
[EventDate "2021.04.16"]
[EventType "swiss"]
[EventRounds "9"]
[EventCountry "MNE"]
[SourceTitle "EXT 2022"]
[Source "ChessBase"]
[SourceDate "2021.10.06"]
[SourceVersion "1"]
[SourceVersionDate "2021.10.06"]
[SourceQuality "1"]

1. c4 Nf6 2. Nf3 g6 3. d4 c5 4. d5 Bg7 5. Nc3 0-0 6. e4 d6 7. Be2 Bg4 8. h3 Bxf3 9. gxf3 Nbd7 10. h4 a6 11. f4 b5 12. cxb5 axb5 13. Bxb5 Nxe4 14. Nxe4 Qa5+ 15. Nc3 Bxc3+ 16. bxc3 Qxb5 17. h5 Qc4 18. Rh3 Nf6 19. hxg6 fxg6 20. f5 Qe4+ 21. Qe2 Qxf5 22. Qe6+ Qxe6+ 23. dxe6 Nd5 24. c4 Nf4 25. Rb3 Nxe6 26. Rb7 Nd4 27. Kf1 e5 28. a4 Rf7 29. Rb6 Rfa7 30. Rxd6 Rxa4 31. Rxa4 Rxa4 32. Bh6 Nf5 33. Rd8+ Kf7 34. Rd7+ Ke6 35. Rxh7 Nxh6 36. Rxh6 Kf5 37. Rh4 g5 38. Rh8 Rxc4 39. Ke2 Ke4 40. f3+ Kd4 41. Rd8+ Kc3 42. Re8 g4 43. fxg4 Rxg4 44. Rxe5 c4 45. Rb5 Rh4 46. Rb6 Rd4 47. Rb7 Rd8 48. Rb6 Kc2 49. Re6 c3 50. Ke1 Kc1 51. Re7 Rb8 52. Rd7 c2 53. Rc7 Kb2 0-1

[Event "Podgorica U2300 op"]
[Site "Podgorica"]
[Date "2021.04.17"]
[Round "3"]
[White "Vesovic, Nebojsa"]
[Black "Sredanovic, Matej"]
[Result "1-0"]
[WhiteElo "1925"]
[BlackElo "1182"]
[PlyCount "63"]
[EventDate "2021.04.16"]
[EventType "swiss"]
[EventRounds "9"]
[EventCountry "MNE"]
[SourceTitle "EXT 2022"]
[Source "ChessBase"]
[SourceDate "2021.10.06"]
[SourceVersion "1"]
[SourceVersionDate "2021.10.06"]
[SourceQuality "1"]

1. d4 d5 2. Nf3 Nf6 3. h3 e6 4. Bf4 c5 5. e3 Nc6 6. c3 cxd4 7. exd4 Be7 8. Bd3 b6 9. 0-0 0-0 10. Nbd2 Nb8 11. Qe2 a5 12. Rfe1 Ba6 13. Ne5 Bxd3 14. Qxd3 Qc8 15. Bg5 Nbd7 16. Rac1 Qa6 17. Qxa6 Rxa6 18. Nxd7 Nxd7 19. Bxe7 Re8 20. Bg5 b5 21. f4 Nf6 22. Bxf6 gxf6 23. Re3 f5 24. g4 fxg4 25. hxg4 a4 26. a3 Kf8 27. Kf2 Ke7 28. Rh1 Rh8 29. Reh3 Rg8 30. g5 b4 31. cxb4 Rc6 32. Rc3 1-0

[Event "MNT-chT 1st League"]
[Site "Podgorica"]
[Date "2018.10.19"]
[Round "7.3"]
[White "Bajkovic, Nikola"]
[Black "Vesovic, Nebojsa"]
[Result "1-0"]
[WhiteElo "2083"]
[BlackElo "1913"]
[PlyCount "98"]
[EventDate "2018.09.07"]
[EventType "team-tourn"]
[EventRounds "9"]
[EventCountry "MNE"]
[SourceTitle "CBM 187 Extra"]
[Source "ChessBase"]
[SourceDate "2018.11.04"]
[SourceVersion "1"]
[SourceVersionDate "2018.11.04"]
[SourceQuality "1"]
[WhiteTeam "Cetinje"]
[BlackTeam "Dijagonale"]
[WhiteTeamCountry "MNE"]
[BlackTeamCountry "MNE"]

1. d4 Nf6 2. Nf3 e6 3. Nbd2 b6 4. e4 Bb7 5. Bd3 Be7 6. 0-0 c5 7. e5 Nd5 8. dxc5 Bxc5 9. Ne4 h6 10. Nxc5 bxc5 11. a3 Nc6 12. Qe2 Nd4 13. Nxd4 cxd4 14. Qg4 Ne7 15. Qxd4 0-0 16. Rd1 f5 17. exf6 Rxf6 18. b4 Qc7 19. Bb2 Raf8 20. Rd2 Qc6 21. Qg4 R6f7 22. Rad1 Nf5 23. b5 Qc5 24. Qb4 Qb6 25. Bf1 d5 26. c4 dxc4 27. Bxc4 Bxg2 28. Qb3 Bd5 29. Bxd5 exd5 30. Qxd5 Nh4 31. Kh1 Nf3 32. Re2 Kh8 33. Qc6 Qb8 34. Rd6 Kg8 35. Qd5 Qc8 36. Rg6 Kh7 37. Qe4 Kg8 38. Rxh6 Ng5 39. Qd3 Qf5 40. Qxf5 Rxf5 41. Rg6 R8f7 42. h4 Nf3 43. a4 Rh5 44. Rg4 Nxh4 45. Kg1 Nf3+ 46. Kg2 Rh2+ 47. Kg3 Rh1 48. Rf4 Rxf4 49. Kxf4 Ne1 1-0

[Event "MNT-chT 1st League"]
[Site "Podgorica"]
[Date "2018.09.28"]
[Round "4.2"]
[White "Blagojevic, Savo"]
[Black "Vesovic, Nebojsa"]
[Result "0-1"]
[WhiteElo "1901"]
[BlackElo "1913"]
[PlyCount "102"]
[EventDate "2018.09.07"]
[EventType "team-tourn"]
[EventRounds "9"]
[EventCountry "MNE"]
[SourceTitle "CBM 187 Extra"]
[Source "ChessBase"]
[SourceDate "2018.11.04"]
[SourceVersion "1"]
[SourceVersionDate "2018.11.04"]
[SourceQuality "1"]
[WhiteTeam "Zora"]
[BlackTeam "Dijagonale"]
[WhiteTeamCountry "MNE"]
[BlackTeamCountry "MNE"]

1. e4 g6 2. Nf3 Bg7 3. d4 d6 4. Bc4 Nf6 5. 0-0 0-0 6. Bd3 Nc6 7. c3 e5 8. d5 Ne7 9. h3 h6 10. c4 b6 11. Nc3 Nh5 12. Ne2 a5 13. Be3 g5 14. Nh2 Ng6 15. Bc2 Nhf4 16. Kh1 Ba6 17. b3 Qd7 18. f3 Bc8 19. Bxf4 gxf4 20. Ng1 Qe7 21. Qe1 h5 22. Qf2 Kh7 23. Rac1 Bf6 24. Rfd1 Rg8 25. Bd3 Bd7 26. Qb2 Rg7 27. Rc2 Bh4 28. a4 Bg3 29. Nf1 Qh4 30. Re2 Rag8 31. Qc2 Qg5 32. Nxg3 Qxg3 33. Rf2 Nh4 34. Bf1 Qg5 35. Rdd2 Qf6 36. Kh2 Rg5 37. Kh1 R8g6 38. Qb2 Qg7 39. Qc2 Kh6 40. Qb2 Rg3 41. Kh2 Qg8 42. Qc2 f5 43. exf5 Nxf5 44. Qb2 Ne3 45. Qa2 Qd8 46. Bd3 Rg7 47. Bf1 Qh4 48. Qb2 Bxh3 49. gxh3 Rxg1 50. Bg2 Re1 51. Rde2 Qg3# 0-1

[Event "Podgorica Buducnost op 3rd"]
[Site "Podgorica"]
[Date "2017.12.25"]
[Round "6"]
[White "Rakic, Tijana"]
[Black "Vesovic, Nebojsa"]
[Result "0-1"]
[WhiteElo "1487"]
[BlackElo "1938"]
[PlyCount "97"]
[EventDate "2017.12.22"]
[EventType "swiss"]
[EventRounds "7"]
[EventCountry "MNE"]
[SourceTitle "CBM 182 Extra"]
[Source "ChessBase"]
[SourceDate "2018.02.23"]
[SourceVersion "1"]
[SourceVersionDate "2018.02.23"]
[SourceQuality "1"]

1. e4 c5 2. d4 cxd4 3. c3 d5 4. exd5 Qxd5 5. Nf3 Nf6 6. Qxd4 Nc6 7. Qxd5 Nxd5 8. Bc4 Nb6 9. Bb3 Bg4 10. Ng5 e6 11. 0-0 Be7 12. Ne4 0-0 13. Be3 Nd5 14. Bc5 Bxc5 15. Nxc5 b6 16. Ne4 Rfd8 17. h3 Bf5 18. Ng3 Bg6 19. Nd2 Nxc3 20. Nf3 Ne4 21. Nxe4 Bxe4 22. Rac1 Bxf3 23. gxf3 Nd4 24. Bd1 Rac8 25. Rxc8 Rxc8 26. f4 Rc1 27. Bg4 Rxf1+ 28. Kxf1 Kf8 29. Ke1 Ke7 30. Kd2 Kd6 31. Kd3 Nc6 32. a3 Ne7 33. Be2 f5 34. b4 Nd5 35. Kc4 Nxf4 36. Bf1 Nd5 37. Bg2 g5 38. a4 Nc7 39. a5 bxa5 40. bxa5 e5 41. Bb7 g4 42. hxg4 fxg4 43. Bc8 h5 44. Bf5 Ne6 45. Bg6 h4 46. Bf5 g3 47. fxg3 hxg3 48. Be4 Nf4 49. Kb5 0-1

[Event "Podgorica Buducnost op 3rd"]
[Site "Podgorica"]
[Date "2017.12.24"]
[Round "5"]
[White "Djukanovic, Mitar"]
[Black "Vesovic, Nebojsa"]
[Result "1-0"]
[WhiteElo "1825"]
[BlackElo "1938"]
[PlyCount "97"]
[EventDate "2017.12.22"]
[EventType "swiss"]
[EventRounds "7"]
[EventCountry "MNE"]
[SourceTitle "CBM 182 Extra"]
[Source "ChessBase"]
[SourceDate "2018.02.23"]
[SourceVersion "1"]
[SourceVersionDate "2018.02.23"]
[SourceQuality "1"]

1. d4 Nf6 2. Bg5 Ne4 3. h4 h6 4. Bf4 e6 5. Nd2 Nxd2 6. Qxd2 a5 7. e4 Na6 8. Nf3 b6 9. c3 Bb7 10. Bd3 Be7 11. 0-0-0 d5 12. Qe2 Qc8 13. Ne5 c6 14. Rh3 Nc7 15. Qg4 Bf6 16. Rg3 dxe4 17. Bxe4 Nd5 18. Nc4 Qd7 19. Bxd5 cxd5 20. Nxb6 Qb5 21. Nxa8 Bxa8 22. Be5 Ke7 23. Bxf6+ gxf6 24. Qf4 Rc8 25. Rf3 f5 26. Qxh6 Rb8 27. Qd2 Bc6 28. Qc2 Rg8 29. Re1 Kd7 30. h5 Rxg2 31. Rh3 Qb8 32. Qd2 Qg8 33. h6 Qh7 34. Reh1 Rg4 35. Rg3 f6 36. Rxg4 fxg4 37. Qf4 f5 38. Qe5 Ke7 39. Qc7+ Bd7 40. Qxa5 f4 41. Qc7 Qe4 42. Rg1 g3 43. Qe5 gxf2 44. Rg7+ Kd8 45. Qb8+ Bc8 46. Qb6+ Ke8 47. Qc6+ Kd8 48. Qc7+ Ke8 49. Qe7# 1-0

[Event "Podgorica Buducnost op 2nd"]
[Site "Podgorica"]
[Date "2016.03.20"]
[Round "2"]
[White "Rakic, Tijana"]
[Black "Vesovic, Nebojsa"]
[Result "1/2-1/2"]
[WhiteElo "1543"]
[BlackElo "1955"]
[PlyCount "87"]
[EventDate "2016.03.19"]
[EventType "swiss"]
[EventRounds "7"]
[EventCountry "MNE"]
[SourceTitle "CBM 171 Extra"]
[Source "ChessBase"]
[SourceDate "2016.04.26"]
[SourceVersion "1"]
[SourceVersionDate "2016.04.26"]
[SourceQuality "1"]

1. e4 d6 2. d4 Nf6 3. Nc3 g6 4. Nf3 Bg7 5. Bf4 c6 6. Be2 a5 7. a4 Na6 8. e5 dxe5 9. Bxe5 Nb4 10. 0-0 Bf5 11. Rc1 0-0 12. Nh4 Be6 13. Qd2 Qd7 14. Bf4 Ne8 15. Nf3 Bf5 16. Ne5 Bxe5 17. Bxe5 Nf6 18. Bf3 Rac8 19. Ne2 Be4 20. Bxe4 Nxe4 21. Qf4 Nd6 22. Ng3 Nd5 23. Qd2 Nc4 24. Qh6 f6 25. b3 Nxe5 26. dxe5 fxe5 27. Rfd1 Qe6 28. Ne4 Qg4 29. Ng5 Qh5 30. Qxh5 gxh5 31. Re1 Rf5 32. Nf3 Nf4 33. Rcd1 Ng6 34. Rd7 Rb8 35. Red1 e4 36. Nd2 Re5 37. Re1 Rd5 38. Rxd5 cxd5 39. f3 exf3 40. Nxf3 Rc8 41. Re2 Kf8 42. Rd2 e6 43. Ng5 Ke7 44. Nxh7 1/2-1/2

[Event "Podgorica Buducnost op 1st"]
[Site "Podgorica"]
[Date "2015.03.21"]
[Round "6"]
[White "Vesovic, Nebojsa"]
[Black "Lazarevic, Zoran"]
[Result "0-1"]
[WhiteElo "1979"]
[BlackElo "1809"]
[PlyCount "140"]
[EventDate "2015.03.16"]
[EventType "swiss"]
[EventRounds "7"]
[EventCountry "MNE"]
[SourceTitle "EXT 2018"]
[Source "ChessBase"]
[SourceDate "2017.10.13"]
[SourceVersion "1"]
[SourceVersionDate "2017.10.13"]
[SourceQuality "1"]

1. Nf3 d5 2. d4 e6 3. c4 Nf6 4. Bg5 Be7 5. e3 0-0 6. Nc3 b6 7. cxd5 exd5 8. Bd3 Bb7 9. Rc1 Nbd7 10. Qe2 a6 11. h4 Re8 12. Kf1 Ne4 13. Bf4 Bd6 14. Bxd6 Nxd6 15. Bxh7+ Kxh7 16. Ng5+ Kg8 17. Rh3 Qf6 18. Rf3 Qg6 19. Rf4 a5 20. Kg1 Nf6 21. g4 Rac8 22. Qf3 c5 23. Kh2 cxd4 24. exd4 b5 25. Rg1 Nfe4 26. Nh3 Nxc3 27. bxc3 Re4 28. h5 Rxf4 29. Qxf4 Qe6 30. Ng5 Qe7 31. Rg3 f6 32. Re3 Ne4 33. Nxe4 dxe4 34. f3 Qc7 35. Qxc7 Rxc7 36. fxe4 Re7 37. e5 Bd5 38. a3 Kf7 39. Kg3 fxe5 40. dxe5 Rb7 41. Kf4 Rc7 42. g5 Rc4+ 43. Kg3 Be6 44. g6+ Ke7 45. Rd3 Rg4+ 46. Kf3 Rh4 47. Rd6 Rxh5 48. Kf4 Rh4+ 49. Ke3 Rh3+ 50. Kd4 Rg3 51. Ra6 a4 52. Ra7+ Bd7 53. Ra6 Rh3 54. Rb6 Rg3 55. Ra6 Rg1 56. Rb6 Rd1+ 57. Kc5 Ra1 58. Rb8 Rxa3 59. Kd4 Ra1 60. Rg8 Rg1 61. Rxg7+ Ke6 62. Rg8 Rg4+ 63. Kd3 Kxe5 64. g7 Be6 65. Rd8 Rg3+ 66. Kc2 Rxg7 67. Kb2 Rg2+ 68. Ka1 a3 69. Rd1 Rc2 70. Re1+ Kd6 0-1

[Event "Podgorica Buducnost op 1st"]
[Site "Podgorica"]
[Date "2015.03.18"]
[Round "3"]
[White "Vesovic, Nebojsa"]
[Black "Vujacic, Igor"]
[Result "1/2-1/2"]
[WhiteElo "1979"]
[BlackElo "2168"]
[PlyCount "51"]
[EventDate "2015.03.16"]
[EventType "swiss"]
[EventRounds "7"]
[EventCountry "MNE"]
[SourceTitle "EXT 2018"]
[Source "ChessBase"]
[SourceDate "2017.10.13"]
[SourceVersion "1"]
[SourceVersionDate "2017.10.13"]
[SourceQuality "1"]

1. c4 Nf6 2. d4 g6 3. Nc3 Bg7 4. Nf3 0-0 5. e4 d6 6. Be2 c5 7. 0-0 cxd4 8. Nxd4 Nc6 9. Nxc6 bxc6 10. c5 dxc5 11. Be3 Qa5 12. e5 Rd8 13. Qa4 Qxa4 14. Nxa4 Nd5 15. Bxc5 Bxe5 16. Rac1 Bf4 17. Ra1 Bf5 18. g3 Bc2 19. b3 Bd2 20. Bc4 e5 21. a3 Bf5 22. Ra2 Nc3 23. Rxd2 Rxd2 24. Nxc3 Bd3 25. Bxd3 Rxd3 26. Rc1 1/2-1/2

[Event "MNT-chT 1st League"]
[Site "Podgorica"]
[Date "2014.08.30"]
[Round "2.4"]
[White "Batricevic, Jovo"]
[Black "Vesovic, Nebojsa"]
[Result "1-0"]
[WhiteElo "2163"]
[BlackElo "1973"]
[PlyCount "103"]
[EventDate "2014.08.29"]
[EventType "team-tourn"]
[EventRounds "9"]
[EventCountry "MNE"]
[SourceTitle "EXT 2018"]
[Source "ChessBase"]
[SourceDate "2017.10.13"]
[SourceVersion "1"]
[SourceVersionDate "2017.10.13"]
[SourceQuality "1"]
[WhiteTeam "Crnogorac"]
[BlackTeam "7 Oktobar"]
[WhiteTeamCountry "MNE"]
[BlackTeamCountry "MNE"]

1. d4 Nf6 2. Nc3 d5 3. Bg5 Nbd7 4. f3 h6 5. Bh4 c6 6. e4 Qa5 7. e5 g5 8. Bf2 Nh5 9. h4 Bg7 10. hxg5 hxg5 11. g3 Nb6 12. Qd2 f6 13. Bd3 Be6 14. Bg6+ Bf7 15. Qd3 e6 16. Rxh5 Rxh5 17. Bxh5 Na4 18. Bxf7+ Kxf7 19. 0-0-0 Nxc3 20. Qxc3 Qxc3 21. bxc3 fxe5 22. Nh3 Kg6 23. f4 g4 24. Ng5 exf4 25. Nxe6 fxg3 26. Bxg3 Bh6+ 27. Bf4 Bxf4+ 28. Nxf4+ Kf5 29. Ne2 Rh8 30. Rg1 Rh2 31. Kd2 b6 32. a4 c5 33. Ke3 Kg5 34. dxc5 bxc5 35. Rd1 d4+ 36. cxd4 cxd4+ 37. Rxd4 Rh3+ 38. Kf2 Ra3 39. Rc4 Kh4 40. Re4 Ra2 41. Rc4 Ra3 42. Kg2 a5 43. Nd4 Kg5 44. Nc6 Re3 45. Nxa5 Kh4 46. Nb3 Re2+ 47. Kf1 Rh2 48. Nd4 Kh3 49. Rc3+ Kh4 50. Ra3 Rd2 51. Ne2 Rxc2 52. a5 1-0

[Event "MNT-chT1"]
[Site "Cetinje"]
[Date "2013.09.07"]
[Round "5"]
[White "Rakcevic, Slavko"]
[Black "Vesovic, Nebojsa"]
[Result "0-1"]
[WhiteElo "1934"]
[BlackElo "1981"]
[PlyCount "98"]
[EventDate "2013.08.30"]
[EventType "team-tourn"]
[EventRounds "9"]
[EventCountry "MNE"]
[SourceTitle "CBM 156 Extra"]
[Source "ChessBase"]
[SourceDate "2013.10.22"]
[SourceVersion "1"]
[SourceVersionDate "2013.10.22"]
[SourceQuality "1"]

1. e4 c5 2. Nf3 d6 3. Nc3 a6 4. a4 g6 5. d4 cxd4 6. Nxd4 Bg7 7. Bc4 Nf6 8. 0-0 0-0 9. h3 Qb6 10. b3 Nxe4 11. Nxe4 Qxd4 12. Qxd4 Bxd4 13. Rb1 Bf5 14. Re1 e6 15. Bd3 d5 16. Ng3 Bxd3 17. cxd3 Nd7 18. Ba3 Rfc8 19. Ne2 Bf6 20. Rec1 Bg5 21. f4 Bd8 22. Kf2 Bb6+ 23. d4 Nf6 24. Ke3 Ne4 25. g4 h6 26. h4 f6 27. h5 gxh5 28. gxh5 Kf7 29. b4 Bd8 30. Rg1 Rc2 31. Bb2 Rac8 32. Rg6 Nd6 33. Kd3 Nf5 34. Ng3 Nxg3 35. Rxg3 Be7 36. Rg6 Bf8 37. b5 axb5 38. axb5 Rh2 39. Rg3 Rxh5 40. Rbg1 Rh2 41. Bc3 Ra2 42. R3g2 Ra3 43. Rc2 Bb4 44. Rgc1 Raxc3+ 45. Rxc3 Rxc3+ 46. Rxc3 Bxc3 47. Kxc3 b6 48. Kd3 Kg6 49. Ke3 Kf5 0-1

[Event "MNT-chT1"]
[Site "Cetinje"]
[Date "2013.09.06"]
[Round "4"]
[White "Radonjic, Milan"]
[Black "Vesovic, Nebojsa"]
[Result "1/2-1/2"]
[WhiteElo "1833"]
[BlackElo "1981"]
[PlyCount "116"]
[EventDate "2013.08.30"]
[EventType "team-tourn"]
[EventRounds "9"]
[EventCountry "MNE"]
[SourceTitle "CBM 156 Extra"]
[Source "ChessBase"]
[SourceDate "2013.10.22"]
[SourceVersion "1"]
[SourceVersionDate "2013.10.22"]
[SourceQuality "1"]

1. d4 e6 2. c4 b6 3. e4 Bb7 4. f3 Ne7 5. Nc3 Ng6 6. Be3 Bb4 7. Bd3 0-0 8. Qd2 d6 9. h4 Nc6 10. h5 Nge7 11. Nge2 e5 12. d5 Na5 13. g4 Ba6 14. b3 Bc8 15. Ng3 Nb7 16. Nf5 Bxf5 17. exf5 f6 18. h6 g6 19. fxg6 hxg6 20. a3 Bc5 21. h7+ Kh8 22. Bh6 Rf7 23. Ne4 Bd4 24. 0-0-0 Nc5 25. Qc2 Nxe4 26. Bxe4 g5 27. Rxd4 exd4 28. Qd3 c5 29. dxc6 d5 30. cxd5 Nxd5 31. Qxd4 Nf4 32. Qc4 Rc7 33. Rd1 Qe7 34. Kb1 Rd8 35. Rd4 Re8 36. Ka2 Ne6 37. Rd2 Nc5 38. Bf5 Qe3 39. Rc2 Rce7 40. b4 Ne6 41. Re2 Qd4 42. Qxd4 Nxd4 43. Rxe7 Rxe7 44. Bd7 Re2+ 45. Kb1 Rc2 46. Bf8 Rxc6 47. Bxc6 Nxc6 48. Bd6 b5 49. Kb2 Kxh7 50. Kc3 Kg6 51. Kd3 Kf7 52. Ke4 Ke6 53. Bc7 a6 54. f4 Kd7 55. fxg5 fxg5 56. Bb6 Ke6 57. Be3 Ne5 58. Bxg5 Nxg4 1/2-1/2

[Event "MNT-chTA"]
[Site "Cetinje"]
[Date "2012.09.08"]
[Round "2"]
[White "Pejovic, Jovan"]
[Black "Vesovic, Nebojsa"]
[Result "0-1"]
[WhiteElo "2176"]
[BlackElo "1986"]
[PlyCount "114"]
[EventDate "2012.09.07"]
[EventType "team-tourn"]
[EventRounds "9"]
[EventCountry "MNE"]
[SourceTitle "CBM 150 Extra"]
[Source "ChessBase"]
[SourceDate "2012.10.19"]
[SourceVersion "1"]
[SourceVersionDate "2012.10.19"]
[SourceQuality "1"]

1. d4 Nf6 2. c4 e6 3. Nc3 d5 4. cxd5 exd5 5. Bg5 Be7 6. e3 h6 7. Bh4 c6 8. Qc2 Nbd7 9. Bd3 Ng4 10. Bg3 Ngf6 11. h3 0-0 12. Nf3 Re8 13. 0-0 a6 14. Rab1 Bf8 15. b4 Be7 16. Rfe1 Nf8 17. Rec1 Be6 18. Na4 Bd6 19. Bxd6 Qxd6 20. Qc5 Qd8 21. Rb2 N6d7 22. Qc2 Qf6 23. Nh2 Qg5 24. f4 Qe7 25. f5 Bxf5 26. Bxf5 Qxe3+ 27. Kh1 Qxd4 28. Nf3 Qf4 29. Bxd7 Nxd7 30. Qd2 Re3 31. Re1 Rae8 32. Rxe3 Rxe3 33. Qf2 Nf6 34. Re2 Ra3 35. Nc5 b6 36. Nb3 Ne4 37. Qe1 Ng3+ 38. Kg1 Nxe2+ 39. Qxe2 Qxb4 40. Qe8+ Qf8 41. Qxc6 Rxa2 42. Qxd5 Qe8 43. Nbd4 Qe3+ 44. Kh2 Qf2 45. Qa8+ Kh7 46. Qe4+ g6 47. Ne5 h5 48. h4 b5 49. Ne6 Qxg2+ 50. Qxg2 Rxg2+ 51. Kxg2 fxe6 52. Kf3 b4 53. Ke4 b3 54. Kd3 a5 55. Kc3 a4 56. Kb2 g5 57. hxg5 h4 0-1

[Event "Podgorica op"]
[Site "Podgorica"]
[Date "2010.12.12"]
[Round "2"]
[White "Radonjic, Milan"]
[Black "Vesovic, Nebojsa"]
[Result "0-1"]
[WhiteElo "1657"]
[BlackElo "2009"]
[PlyCount "46"]
[EventDate "2010.12.11"]
[EventType "swiss"]
[EventRounds "9"]
[EventCountry "MNE"]
[SourceTitle "CBM 139 Extra"]
[Source "ChessBase"]
[SourceDate "2011.01.05"]
[SourceVersion "1"]
[SourceVersionDate "2011.01.05"]
[SourceQuality "1"]

1. d4 Nf6 2. c4 e6 3. Nc3 Bb4 4. e3 c5 5. Nf3 0-0 6. a3 cxd4 7. exd4 Bxc3+ 8. bxc3 Nc6 9. Bd3 h6 10. 0-0 d5 11. cxd5 exd5 12. Bf4 Bg4 13. h3 Bh5 14. Qc1 Ne4 15. Re1 f5 16. Ne5 Rc8 17. Bxe4 fxe4 18. Bxh6 Nxd4 19. Qe3 Nf5 20. Qxa7 Nxh6 21. Qxb7 Qd6 22. Ng4 Bxg4 23. hxg4 Nxg4 0-1

[Event "Podgorica op"]
[Site "Podgorica"]
[Date "2010.12.11"]
[Round "1"]
[White "Vesovic, Nebojsa"]
[Black "Milovic, Jovan"]
[Result "0-1"]
[WhiteElo "2009"]
[BlackElo "2371"]
[PlyCount "64"]
[EventDate "2010.12.11"]
[EventType "swiss"]
[EventRounds "9"]
[EventCountry "MNE"]
[SourceTitle "CBM 139 Extra"]
[Source "ChessBase"]
[SourceDate "2011.01.05"]
[SourceVersion "1"]
[SourceVersionDate "2011.01.05"]
[SourceQuality "1"]

1. d4 Nf6 2. c4 g6 3. Nc3 Bg7 4. e4 0-0 5. Be3 d6 6. Be2 c5 7. d5 e6 8. e5 dxe5 9. Bxc5 Re8 10. Be3 exd5 11. cxd5 h6 12. Qd2 Kh7 13. h3 e4 14. g4 Nfd7 15. h4 Ne5 16. h5 g5 17. Bd4 Nxg4 18. Bxg7 Kxg7 19. Bb5 Bd7 20. 0-0-0 Bxb5 21. Nxb5 Nd7 22. Kb1 Nde5 23. d6 Qb6 24. Nc7 Nxf2 25. Nxe8+ Rxe8 26. Nh3 Nxh1 27. Rxh1 e3 28. d7 exd2 29. dxe8Q Qd4 30. Rd1 Nc4 31. Qb5 Qd3+ 32. Ka1 Qc2 0-1

[Event "Podgorica Buducnost op 4th"]
[Site "Podgorica"]
[Date "2009.12.11"]
[Round "2"]
[White "Draganic, Veljko"]
[Black "Vesovic, Nebojsa"]
[Result "1-0"]
[WhiteElo "2300"]
[BlackElo "1998"]
[PlyCount "55"]
[EventDate "2009.12.10"]
[EventType "swiss"]
[EventRounds "7"]
[EventCountry "MNE"]
[SourceTitle "EXT 2019"]
[Source "ChessBase"]
[SourceDate "2018.10.10"]
[SourceVersion "1"]
[SourceVersionDate "2018.10.10"]
[SourceQuality "1"]

1. e4 c5 2. Nf3 a6 3. Nc3 e6 4. d4 cxd4 5. Nxd4 Qc7 6. Bd3 b5 7. 0-0 Bb7 8. Qe2 Nc6 9. Nxc6 Bxc6 10. a4 b4 11. Nd5 Bxd5 12. exd5 a5 13. dxe6 dxe6 14. Bb5+ Ke7 15. Rd1 Rd8 16. Bg5+ f6 17. Rxd8 Qxd8 18. Re1 Qd6 19. Bf4 e5 20. Rd1 Qe6 21. Qe4 f5 22. Bg5+ Kf7 23. Qa8 Nf6 24. Rd8 Qb6 25. Bxf6 Bc5 26. Rxh8 Bxf2+ 27. Kh1 Qe3 28. Qf8+ 1-0

[Event "MNT-ch sf"]
[Site "Cetinje"]
[Date "2008.06.01"]
[Round "8"]
[White "Mitrovic, Miroslav"]
[Black "Vesovic, Nebojsa"]
[Result "1-0"]
[WhiteElo "2068"]
[BlackElo "2074"]
[PlyCount "118"]
[EventDate "2008.05.28"]
[EventType "swiss"]
[EventRounds "9"]
[EventCountry "MNE"]
[SourceTitle "CBM 124 Extra"]
[Source "ChessBase"]
[SourceDate "2008.07.03"]
[SourceVersion "1"]
[SourceVersionDate "2008.07.03"]
[SourceQuality "1"]

1. e4 e5 2. Nf3 Nc6 3. Bb5 a6 4. Ba4 Nf6 5. 0-0 Be7 6. Re1 b5 7. Bb3 Bb7 8. c3 0-0 9. d4 d6 10. Nbd2 Re8 11. Nf1 Bf8 12. Ng3 g6 13. Bg5 h6 14. Bd2 Na5 15. Bc2 Nc4 16. Bc1 c5 17. b3 Nb6 18. h3 Bg7 19. dxc5 dxc5 20. Qxd8 Raxd8 21. Be3 Rc8 22. Red1 Bf8 23. Rd2 Nbd7 24. Rad1 Nb8 25. Nh2 Nc6 26. Ng4 Nxg4 27. hxg4 Rcd8 28. Rd7 Ba8 29. f3 Rxd7 30. Rxd7 Rd8 31. Rxd8 Nxd8 32. Bd3 Ne6 33. Ne2 Kg7 34. Kf1 Bc6 35. Ke1 Be7 36. Kd1 Bg5 37. Bf2 Be7 38. Nc1 Kf8 39. Bf1 Nf4 40. Be3 g5 41. g3 Ne6 42. Nd3 Bd6 43. Ne1 f6 44. Nc2 Kg7 45. Bf2 Kg6 46. Ne3 h5 47. Nf5 Bf8 48. gxh5+ Kxh5 49. Bh3 Nd8 50. Ne3 Kg6 51. Kc2 Kf7 52. Nd5 Bd6 53. Ne3 Bf8 54. Bc8 Bb7 55. Bg4 Bd6 56. Ng2 b4 57. Ne1 bxc3 58. Nd3 Ne6 59. Bxe6+ Kxe6 1-0

[Event "MNT-ch sf"]
[Site "Cetinje"]
[Date "2008.05.30"]
[Round "5"]
[White "Kraljevic, Ivan"]
[Black "Vesovic, Nebojsa"]
[Result "1-0"]
[WhiteElo "2065"]
[BlackElo "2074"]
[PlyCount "109"]
[EventDate "2008.05.28"]
[EventType "swiss"]
[EventRounds "9"]
[EventCountry "MNE"]
[SourceTitle "CBM 124 Extra"]
[Source "ChessBase"]
[SourceDate "2008.07.03"]
[SourceVersion "1"]
[SourceVersionDate "2008.07.03"]
[SourceQuality "1"]

1. e4 e5 2. Nf3 Nc6 3. d4 exd4 4. Bc4 Be7 5. 0-0 d6 6. c3 Nf6 7. Nxd4 Ne5 8. Bd3 0-0 9. Bc2 c6 10. f4 Nc4 11. Qd3 d5 12. e5 Ne4 13. b3 Nb6 14. f5 Bg5 15. Nd2 Bxd2 16. Bxd2 Nd7 17. Bf4 Re8 18. e6 Ndf6 19. Be5 Ng4 20. exf7+ Kxf7 21. Bg3 Kg8 22. Rae1 Bd7 23. Qf3 Ngf6 24. Bxe4 dxe4 25. Qf4 c5 26. Ne6 Bxe6 27. fxe6 Rxe6 28. Bh4 Qe8 29. Bxf6 Rxf6 30. Qxe4 Rxf1+ 31. Kxf1 Qf7+ 32. Qf3 Qxf3+ 33. gxf3 Kf7 34. Re5 Rc8 35. Ke2 Rc7 36. a4 b6 37. Kd3 g6 38. Kc4 Kf6 39. f4 Rd7 40. a5 h6 41. axb6 axb6 42. Rd5 Rb7 43. Rd6+ Kf5 44. Kb5 Rg7 45. Kxb6 Kxf4 46. Kxc5 h5 47. b4 g5 48. b5 g4 49. b6 h4 50. Kb5 Re7 51. Rd4+ Kf3 52. c4 Re2 53. h3 gxh3 54. Rxh4 Kg3 55. Rh6 1-0